Primary care : (Record no. 122110)

MARC details
000 -LEADER
fixed length control field 01192nam a2200349 a 4500
008 - FIXED-LENGTH DATA ELEMENTS--GENERAL INFORMATION
fixed length control field
020 ## - INTERNATIONAL STANDARD BOOK NUMBER
International Standard Book Number 9780323355018 (hardback)
040 ## - CATALOGING SOURCE
Original cataloging agency NUST
Transcribing agency NUST
049 ## - LOCAL HOLDINGS (OCLC)
Holding library MAIN
090 ## - LOCALLY ASSIGNED LC-TYPE CALL NUMBER (OCLC); LOCAL CALL NUMBER (RLIN)
Classification number (OCLC) (R) ; Classification number, CALL (RLIN) (NR) R727.8
Local cutter number (OCLC) ; Book number/undivided call number, CALL (RLIN) PRI
003 - CONTROL NUMBER IDENTIFIER
control field
005 - DATE AND TIME OF LATEST TRANSACTION
control field 20230120204356.0
245 #0 - TITLE STATEMENT
Title Primary care :
Remainder of title a collaborative practice/
Statement of responsibility, etc. Terry Mahan Buttaro ; JoAnn Trybulski ; Patricia Polgar-Bailey & Joanne Sandberg-Cook.
250 ## - EDITION STATEMENT
Edition statement Fifth edition.
260 ## - PUBLICATION, DISTRIBUTION, ETC.
Place of publication, distribution, etc. St. Louis, Missouri :
Name of publisher, distributor, etc. Elsevier,
Date of publication, distribution, etc. 2017.
300 ## - PHYSICAL DESCRIPTION
Extent xxiii, 1427 pages :
Other physical details illustrations (chiefly colour) ;
Dimensions 29 cm.
336 ## - CONTENT TYPE
Content type term text
Content type code txt
Source rdacontent
337 ## - MEDIA TYPE
Media type term unmediated
Media type code n
Source rdamedia
338 ## - CARRIER TYPE
Carrier type term volume
Carrier type code nc
Source rdacarrier
500 ## - GENERAL NOTE
General note Includes index.
650 #1 - SUBJECT ADDED ENTRY--TOPICAL TERM
Topical term or geographic name entry element Medical cooperation.
650 ## - SUBJECT ADDED ENTRY--TOPICAL TERM
Topical term or geographic name entry element Primary care (Medicine).
650 ## - SUBJECT ADDED ENTRY--TOPICAL TERM
Topical term or geographic name entry element Medical referral.
650 ## - SUBJECT ADDED ENTRY--TOPICAL TERM
Topical term or geographic name entry element Primary health care.
650 ## - SUBJECT ADDED ENTRY--TOPICAL TERM
Topical term or geographic name entry element Health care teams.
700 ## - ADDED ENTRY--PERSONAL NAME
Personal name Buttaro, Terry Mahan.,
-- author.
700 ## - ADDED ENTRY--PERSONAL NAME
Personal name Trybulski, JoAnn.,
-- author.
700 ## - ADDED ENTRY--PERSONAL NAME
Personal name Polgar-Bailey, Patricia.,
-- author.
700 ## - ADDED ENTRY--PERSONAL NAME
Personal name Sandberg-Cook, Joanne.,
-- author.
907 ## - LOCAL DATA ELEMENT G, LDG (RLIN)
a .b10420174
b 13-01-23
c 13-01-23
942 ## - ADDED ENTRY ELEMENTS (KOHA)
Koha item type Ordinary Loan Books
Call number prefix R727.8
Call number suffix PRI
Holdings
Date last seen Total Checkouts Full call number Barcode Cost, replacement price Price effective from Koha item type Lost status Source of classification or shelving scheme Damaged status Not for loan Collection Withdrawn status Home library Current library Shelving location Date acquired Cost, normal purchase price
01/20/2023   R727.8 BUT 92004051994 80.00 01/20/2023 BOOKS   LCC     NFIC   Medical Medical GEN 01/20/2023 80.00